| 000 | 00402nam a2200145Ia 4500 | ||
|---|---|---|---|
| 999 |
_c17523 _d17523 |
||
| 082 | _aTR.0106 | ||
| 100 | _aRabindra Nath | ||
| 245 | 0 | _aOccupational pattern and wage structure in Poona industries | |
| 260 |
_c1971 _bAgra University |
||
| 300 | _a503p. + C D - 53 | ||
| 650 | _aWAGES - MAHARASHTRA - POONA | ||
| 650 | _aOCCUPATIONS - MAHARASHTRA - POONA | ||
| 710 | _aSethi, T.T. | ||
| 942 |
_cTH _2ddc |
||